Responses for Show #4468 - Wednesday, January 28, 2004

Contestants

[<< previous game]

Elizabeth Fricker, an academic services coordinator from Decatur, Georgia

Rob Poodiack, a mathematics professor from Williston, Vermont

Lili Williams, a wife and mother from Antelope, California (whose 1-day cash winnings total $8,600)

[next game >>]

Jeopardy! Round responses

WOMEN WRITERS
CARY GRANT FILMS
LEAVES
COUNTRY TIME
THE SWEET SPOT
NURSERY RHYME TIME
    $200 8
J.K. Rowling

Rob
    $200 3
Mae West

Elizabeth
    $200 26
palm trees

Lili
    $200 21
Monaco

Elizabeth
    $200 16
artificial sweetener

Triple Stumper
    $200 1
Peep's jeeps

Lili
    $400 12
(Lili: Who is Bronte?)
(Alex: Be more specific.)
(Lili: [*].)

Emily Bronte

Lili
    $400 7
North by Northwest

Elizabeth
    $400 27
reading tea leaves

Elizabeth
    $400 22
Israel

Rob
    $400 17
sweet potatoes

Rob
    $400 2
Cole's bowls

Rob
    $600 13
Bees

Elizabeth
    $600 9
Arsenic and Old Lace

Lili
    $600 28
eucalyptus

Elizabeth
    $1,000 23
Switzerland

Rob
    $600 18
"My Sweet Baboo"

Rob
    $600 4
Sprat's cats

Elizabeth
    $800 14
(Alex: The book is "To Kill a Mockingbird".)

Harper Lee

Lili
    $800 10
Topper

Lili
    $800 29
fig leaves

Elizabeth
    $800 24
Georgia

Lili
    $800 19
"Sweet Baby James"

Rob
    $800 5
Tom's bombs

Triple Stumper
    $1000 15
Bel Canto

Triple Stumper
    $1000 11
Gunga Din

Lili
    $1000 30
spearmint

Lili
    $1000 25
Guyana

Rob
    $1000 20
Sweet Bird of Youth

Lili
    $1000 6
Horner's mourners

Lili

Scores at the first commercial break (after clue 15):

Lili Rob Elizabeth
$4,800 $600 $1,800

Scores at the end of the Jeopardy! Round:

Lili Rob Elizabeth
$7,800 $4,800 $3,800

Double Jeopardy! Round responses

SCIENCE GUYS
COURT MONARCHS
HENRY WHO?
CRUISIN' THE CARIBBEAN
11/30
"N" MASSE
    $400 17
Audubon

Lili
    $400 26
Steffi Graf

Rob
    $400 6
Kissinger

Rob
    $400 16
Mexico

Triple Stumper
    $400 11
hurricane season

Rob
    $400 1
New Hampshire

Rob
    $1,000 18
(Lili: What are diseases?)
(Alex: He was looking up, not at problems here on Earth.)

stars

Lili
    $800 27
the Davis Cup team

Triple Stumper
    $800 7
Mancini

Lili
    $800 22
submarine

Triple Stumper
    $800 12
Queen Elizabeth I

Elizabeth
    $800 2
Newfoundland

Elizabeth
    $1200 19
Marconi

Triple Stumper
    $1200 28
Bobby Riggs

Lili
    $1200 8
Henry Hudson

Rob
    $2,000 23
Aruba

Rob
    $1200 13
Sugar Ray Leonard

Rob
    $1200 3
Normandy

Lili
    $1600 20
Enrico Fermi

Rob
    $1600 29
(the recently retired) Pete Sampras

Triple Stumper
    $1600 9
Henry James

Elizabeth
    $1600 24
Key West (Florida)

Rob
    $1600 14
Lucy

Lili
    $1600 4
Neolithic

Elizabeth
    $2000 21
Neptune

Triple Stumper
    $2000 30
Pam Shriver

Triple Stumper
    $2000 10
Henry Moore

Triple Stumper
    $2000 25
Curacao

Elizabeth
    $2000 15
(Elizabeth: Who is St. Nicholas?)
(Rob: Who is St. James?)

St. Andrew (Scottish flag)

RobElizabeth
Triple Stumper
    $2000 5
V.S. Naipaul

Triple Stumper

Scores at the end of the Double Jeopardy! Round:

Lili Rob Elizabeth
$12,000 $12,000 $8,600

[wagering suggestions for these scores]

Final Jeopardy! Round responses

LATIN LINGO
(Alex: The old poem said "color est e pluribus unus", "many colors blend into one", & the 3-word phrase that we're all familiar with is "[*]".)
ElizabethWhat is ?
$3,401
RobWhat is "Grabbus Vegetablus"?
$6,000
LiliWhat is a la carte?
$5,200
E pluribus unum

Final scores:

Lili Rob Elizabeth
$6,800 $6,000 $5,199
2-day champion: $15,400 2nd place: $2,000 3rd place: $1,000

Game dynamics:

Coryat scores:

Lili Rob Elizabeth
$13,000 $10,800 $8,600
16 R,
1 W
(including 1 DD)
17 R
(including 2 DDs),
1 W
13 R,
1 W

Combined Coryat: $32,400

[game clues] [game scores] [suggest correction]

Game tape date: 2003-11-20
The J! Archive is created by fans, for fans. Scraping, republication, monetization, and malicious use prohibited; this site may use cookies and collect identifying information. See terms. The Jeopardy! game show and all elements thereof, including but not limited to copyright and trademark thereto, are the property of Jeopardy Productions, Inc. and are protected under law. This website is not affiliated with, sponsored by, or operated by Jeopardy Productions, Inc. Join the discussion at JBoard.tv.